00371nam a2200109Ia 4500008004100000020002200041050002200063245009600085260004600181300001500227650001900242151021s9999 xx 000 0 und d a9.7899661655e+012 aBv4598.4 .F 2012  a_The battle is Gods Reflecting on spiritual warfare for african believers Keith Ferdinando  aNairobi African Christian Textbooks 2012  axiv,146p.  a_God's Battle